Les 10 clubs de Bundesliga avec le plus de titres de champion - Statistiques

Statistiques générales
  • Ce quiz a été pris 209 fois
  • Le résultat moyen est 5 sur 10
Statistiques - réponses
Top Nb titre de champion Club % Correct
1 32 Bayern Munich
100%
3 8 Borussia Dortmund
99%
4 7 Schalke 04
65%
5 6 Hambourg SV
58%
8 4 Werder Brême
58%
6 5 VfB Stuttgart
55%
10 3 FC Cologne
48%
2 9 Nuremberg
26%
9 4 Kaiserslautern
17%
7 5 Borussia M'Gladbach
4%
Aucun quiz correspondant
Distribution des résultats
% des personnes avec chaque résultat
Percentile par nombre de réponses
Votre historique - résultats
Vous n’avez pas pris ce quiz